[Event "19. Bosnjaci Open 2014"]
[Site "Bosnjaci CRO"]
[Date "2014.01.04"]
[Round "2.11"]
[White "Jakic, Ivan"]
[Black "Novak, Ksenija"]
[Result "1-0"]
[WhiteElo "2404"]
[BlackElo "2069"]
[PlyCount "101"]
[EventDate "2014.01.03"]
[EventType "swiss"]
[EventRounds "9"]
[EventCountry "CRO"]
[Source "lmi"]
[SourceDate "2014.01.03"]

1. e4 c5 2. Nc3 e6 3. Nf3 Nc6 4. Bb5 Nge7 5. O-O a6 6. Bxc6 Nxc6 7. d4 cxd4 8.
Nxd4 Be7 9. Nxc6 dxc6 10. Qg4 Bf6 11. Qg3 e5 12. Be3 O-O 13. Bc5 Re8 14. Rfd1
Qc7 15. Bd6 Qb6 16. Na4 Qb5 17. b3 Be6 18. c4 Qa5 19. Nc5 b5 20. b4 Qb6 21.
Nxe6 Rxe6 22. c5 Qb7 23. a4 Ree8 24. Qc3 h6 25. a5 Qc8 26. Qb3 Qg4 27. f3 Qc8
28. Rd3 Ra7 29. Rad1 Rb7 30. Qa2 Qe6 31. Qxe6 Rxe6 32. g3 h5 33. Kf2 g6 34. Ke3
Bg7 35. f4 f6 36. f5 gxf5 37. exf5 Re8 38. Ke4 Kf7 39. Rg1 Rh8 40. h4 Bh6 41.
g4 hxg4 42. Rxg4 Rg8 43. Rxg8 Kxg8 44. Rg3+ Rg7 45. Rg6 Rxg6 46. fxg6 Bd2 47.
h5 Kg7 48. Kf5 Bc1 49. Be7 Bg5 50. Bxf6+ Bxf6 51. h6+ 1-0

[Event "19. Bosnjaci Open 2014"]
[Site "Bosnjaci CRO"]
[Date "2014.01.04"]
[Round "2.12"]
[White "Perisic, Robert"]
[Black "Plenkovic, Zdenko"]
[Result "0-1"]
[WhiteElo "2064"]
[BlackElo "2404"]
[PlyCount "72"]
[EventDate "2014.01.03"]
[EventType "swiss"]
[EventRounds "9"]
[EventCountry "CRO"]
[Source "lmi"]
[SourceDate "2014.01.03"]

1. d4 Nf6 2. Nf3 g6 3. g3 Bg7 4. Bg2 O-O 5. O-O d5 6. c4 dxc4 7. Qc2 Nc6 8.
Qxc4 Be6 9. Qa4 Nd7 10. e3 Nb6 11. Qd1 Qc8 12. Nc3 Rd8 13. Ng5 Bc4 14. Re1 h6
15. Bh3 Qb8 16. Nf3 e5 17. b3 exd4 18. exd4 Bd5 19. Nxd5 Rxd5 20. Be3 Qf8 21.
Bg2 Rdd8 22. Qd2 a5 23. a4 Nd5 24. Rad1 Ncb4 25. Qc1 c6 26. h4 Nxe3 27. fxe3
Qd6 28. Kh2 Ra6 29. Ne5 Qe7 30. Bf1 Bxe5 31. dxe5 Raa8 32. e6 Qxe6 33. Bc4 Qe5
34. Rf1 Nd5 35. e4 Nf6 36. Qxh6 Ng4+ 0-1

[Event "19. Bosnjaci Open 2014"]
[Site "Bosnjaci CRO"]
[Date "2014.01.04"]
[Round "2.16"]
[White "Sribar, Peter"]
[Black "Armanda, Ivica"]
[Result "1-0"]
[WhiteElo "2047"]
[BlackElo "2368"]
[PlyCount "87"]
[EventDate "2014.01.03"]
[EventType "swiss"]
[EventRounds "9"]
[EventCountry "CRO"]
[Source "lmi"]
[SourceDate "2014.01.03"]

1. d4 Nf6 2. Nf3 g6 3. Nc3 d5 4. Bf4 Bg7 5. e3 O-O 6. Be2 Nh5 7. Bg5 h6 8. Bh4
c6 9. Ne5 Nf6 10. g4 Qa5 11. Qd2 Re8 12. O-O-O b5 13. a3 Qb6 14. g5 hxg5 15.
Bxg5 Bh3 16. Rhg1 a5 17. Bd3 Nbd7 18. Nxg6 fxg6 19. Bxg6 b4 20. Nb1 bxa3 21.
Nxa3 Reb8 22. c3 Kf8 23. Bf4 Rb7 24. Rg3 Be6 25. Rdg1 c5 26. Bb1 Bh8 27. f3 Ke8
28. Rg6 Nf8 29. Rh6 Kd7 30. Rxh8 Bf7 31. Rg7 Ne6 32. Rxa8 Nxg7 33. dxc5 Qxc5
34. Qd4 Qxd4 35. exd4 Bh5 36. Rxa5 Bxf3 37. Nc2 Ng4 38. Nb4 e6 39. Nd3 Ke7 40.
Nc5 Rb6 41. h3 Nh5 42. Ra7+ Kf6 43. Bc7 Rc6 44. Bd8# 1-0

[Event "19. Bosnjaci Open 2014"]
[Site "Bosnjaci CRO"]
[Date "2014.01.04"]
[Round "2.17"]
[White "Zivkovic, Vjekoslav"]
[Black "Macanga, Branko"]
[Result "1-0"]
[WhiteElo "2365"]
[BlackElo "2047"]
[PlyCount "53"]
[EventDate "2014.01.03"]
[EventType "swiss"]
[EventRounds "9"]
[EventCountry "CRO"]
[Source "lmi"]
[SourceDate "2014.01.03"]

1. e4 Nf6 2. e5 Nd5 3. d4 d6 4. Nf3 Bg4 5. Be2 e6 6. c4 Nb6 7. Nc3 Nc6 8. exd6
cxd6 9. d5 exd5 10. cxd5 Bxf3 11. Bxf3 Ne5 12. Be2 Be7 13. O-O O-O 14. b3 Ned7
15. Ba3 Nc5 16. Rc1 Rc8 17. Bg4 Nbd7 18. b4 Na6 19. Qb3 f5 20. Be2 Nc7 21. Bb2
a6 22. a4 Ne5 23. b5 Qd7 24. Nb1 Kh8 25. b6 Na8 26. a5 Rc5 27. Rxc5 1-0

[Event "19. Bosnjaci Open 2014"]
[Site "Bosnjaci CRO"]
[Date "2014.01.04"]
[Round "2.18"]
[White "Caric, Mato"]
[Black "Sertic, Rudolf"]
[Result "0-1"]
[WhiteElo "2045"]
[BlackElo "2354"]
[PlyCount "44"]
[EventDate "2014.01.03"]
[EventType "swiss"]
[EventRounds "9"]
[EventCountry "CRO"]
[Source "lmi"]
[SourceDate "2014.01.03"]

1. e4 c5 2. Nf3 e6 3. d4 cxd4 4. Nxd4 a6 5. Be3 Nf6 6. Bd3 d6 7. f3 Nbd7 8. Qd2
d5 9. Nc3 e5 10. Nxd5 exd4 11. Bxd4 Nxd5 12. exd5 Qh4+ 13. Bf2 Qf6 14. O-O-O
Be7 15. Be4 Bc5 16. Bg3 Bd6 17. Bxd6 Qxd6 18. c4 O-O 19. b4 b6 20. Kc2 a5 21.
a3 Ba6 22. Kb3 a4+ 0-1

[Event "19. Bosnjaci Open 2014"]
[Site "Bosnjaci CRO"]
[Date "2014.01.04"]
[Round "2.19"]
[White "Petrusic, Toni"]
[Black "Radmanovic, Danijel"]
[Result "1-0"]
[WhiteElo "2302"]
[BlackElo "2006"]
[PlyCount "63"]
[EventDate "2014.01.03"]
[EventType "swiss"]
[EventRounds "9"]
[EventCountry "CRO"]
[Source "lmi"]
[SourceDate "2014.01.03"]

1. e4 e6 2. d3 d5 3. Nd2 Nf6 4. Ngf3 c5 5. g3 Nc6 6. Bg2 g6 7. O-O Bg7 8. Re1
O-O 9. Qe2 b6 10. Nf1 h6 11. h4 Ba6 12. e5 Nd7 13. Bf4 Qe7 14. N1h2 c4 15. d4
c3 16. Qxa6 cxb2 17. Rab1 Nb4 18. Qa4 a5 19. Rxb2 b5 20. Qxb5 Rfb8 21. Qe2 Nb6
22. Ng4 Nc4 23. Rbb1 Nxa2 24. Ra1 Nc3 25. Qd3 Nb2 26. Qd2 Ne4 27. Qc1 a4 28.
Nf6+ Kh8 29. Bxh6 a3 30. Nxe4 dxe4 31. Bxg7+ Kxg7 32. Ng5 1-0

[Event "19. Bosnjaci Open 2014"]
[Site "Bosnjaci CRO"]
[Date "2014.01.04"]
[Round "2.20"]
[White "Kolega, Marin"]
[Black "Bobanac, Miro"]
[Result "0-1"]
[WhiteElo "2043"]
[BlackElo "2285"]
[PlyCount "80"]
[EventDate "2014.01.03"]
[EventType "swiss"]
[EventRounds "9"]
[EventCountry "CRO"]
[Source "lmi"]
[SourceDate "2014.01.03"]

1. e4 c5 2. Nf3 e6 3. d4 cxd4 4. Nxd4 a6 5. Nc3 Qc7 6. g3 b5 7. a3 Bb7 8. Bg2
Nc6 9. Nb3 Nf6 10. O-O Ne5 11. Bf4 d6 12. Bxe5 dxe5 13. Qe2 Be7 14. Rac1 O-O
15. Rfd1 Rfd8 16. f3 Bxa3 17. bxa3 Qxc3 18. Rxd8+ Rxd8 19. Qe1 Qxe1+ 20. Rxe1
Rc8 21. Na5 Rc7 22. Bf1 Kf8 23. c4 bxc4 24. Rb1 Bc8 25. Nxc4 Nd7 26. Nd6 Ke7
27. Nxc8+ Rxc8 28. Rb7 Ra8 29. g4 Kd6 30. h4 Kc6 31. Rb2 Nc5 32. Kf2 Rd8 33.
Rc2 Kb6 34. Ke3 Rd1 35. Be2 Ra1 36. Rc3 a5 37. h5 h6 38. Bc4 g6 39. hxg6 fxg6
40. f4 Re1+ 0-1

[Event "19. Bosnjaci Open 2014"]
[Site "Bosnjaci CRO"]
[Date "2014.01.04"]
[Round "2.22"]
[White "Matanovic, Zlatko"]
[Black "Abdil, Halil"]
[Result "1-0"]
[WhiteElo "2009"]
[BlackElo "2263"]
[PlyCount "76"]
[EventDate "2014.01.03"]
[EventType "swiss"]
[EventRounds "9"]
[EventCountry "CRO"]
[Source "lmi"]
[SourceDate "2014.01.03"]

1. e4 c5 2. Nf3 d6 3. d4 cxd4 4. Nxd4 Nf6 5. Nc3 g6 6. Bc4 Bg7 7. O-O O-O 8. f3
Nc6 9. Be3 Qb6 10. Rb1 Nxe4 11. Nd5 Qc5 12. Nxc6 Qxc4 13. Ncxe7+ Kh8 14. fxe4
Be6 15. Qd3 Qa4 16. b3 Qd7 17. Bd4 f6 18. Qc3 Rf7 19. Bxf6 Rxe7 20. Nxe7 Qxe7
21. Bxe7 Bxc3 22. Bf6+ Bxf6 23. Rxf6 Re8 24. c4 Kg7 25. Rbf1 Bf5 26. Rxd6 Rxe4
27. Rd2 h5 28. h3 Re3 29. Kf2 Rc3 30. Re1 Kf7 31. Re3 Rc1 32. Kf3 a5 33. Kf4 a4
34. Kg5 axb3 35. axb3 b5 36. Rd6 bxc4 37. Rc6 Bd3 38. Rc7+ Kf8 1-0

[Event "19. Bosnjaci Open 2014"]
[Site "Bosnjaci CRO"]
[Date "2014.01.04"]
[Round "2.25"]
[White "Stocko, Josip"]
[Black "Golubicic, Mato"]
[Result "1-0"]
[WhiteElo "2241"]
[BlackElo "1716"]
[PlyCount "59"]
[EventDate "2014.01.03"]
[EventType "swiss"]
[EventRounds "9"]
[EventCountry "CRO"]
[Source "lmi"]
[SourceDate "2014.01.03"]

1. e4 b6 2. d4 Bb7 3. Bd3 e6 4. Qe2 c5 5. c3 Nf6 6. Nf3 Nc6 7. a3 Qc7 8. O-O d5
9. exd5 Nxd5 10. c4 Nf4 11. Bxf4 Qxf4 12. d5 Nd4 13. Nxd4 cxd4 14. dxe6 Rc8 15.
g3 Qf6 16. Nd2 Qxe6 17. Qxe6+ fxe6 18. Rfe1 Kd7 19. Re2 Bd6 20. f4 g6 21. Rae1
Rhe8 22. b4 a5 23. Rb1 a4 24. Rbe1 Re7 25. Be4 Ba6 26. Bc2 b5 27. c5 Bb8 28.
Nf3 Kc7 29. Rd2 d3 30. Rxd3 1-0

[Event "19. Bosnjaci Open 2014"]
[Site "Bosnjaci CRO"]
[Date "2014.01.04"]
[Round "2.29"]
[White "Zufic, Miroslav"]
[Black "Hamzic, Adil"]
[Result "1-0"]
[WhiteElo "2466"]
[BlackElo "1794"]
[PlyCount "55"]
[EventDate "2014.01.03"]
[EventType "swiss"]
[EventRounds "9"]
[EventCountry "CRO"]
[Source "lmi"]
[SourceDate "2014.01.03"]

1. e4 c5 2. Nf3 d6 3. d4 cxd4 4. Nxd4 Nf6 5. Nc3 a6 6. h3 Nc6 7. g4 Nxd4 8.
Qxd4 e5 9. Qd3 Be6 10. f4 Nd7 11. Qg3 Be7 12. h4 Rc8 13. f5 Bc4 14. Bg2 b5 15.
a3 a5 16. Bd2 a4 17. g5 Nb6 18. h5 f6 19. h6 gxh6 20. Rxh6 fxg5 21. O-O-O Bf7
22. Nxb5 Nc4 23. Bb4 Bf8 24. Nxd6+ Nxd6 25. Rhxd6 Bxd6 26. Rxd6 Rxc2+ 27. Kxc2
Bb3+ 28. Kd2 1-0

[Event "19. Bosnjaci Open 2014"]
[Site "Bosnjaci CRO"]
[Date "2014.01.04"]
[Round "2.33"]
[White "Ikica, Ante"]
[Black "Skocibusic, Davor"]
[Result "1-0"]
[WhiteElo "1972"]
[BlackElo "1648"]
[PlyCount "29"]
[EventDate "2014.01.03"]
[EventType "swiss"]
[EventRounds "9"]
[EventCountry "CRO"]
[Source "lmi"]
[SourceDate "2014.01.03"]

1. e4 e5 2. Nf3 Nc6 3. Bb5 a6 4. Bc4 Bc5 5. c3 Nf6 6. d4 exd4 7. e5 Qe7 8. O-O
Ng4 9. cxd4 Bb6 10. h3 Nh6 11. Nc3 d6 12. Nd5 Qd8 13. Bg5 Qd7 14. Bxh6 gxh6 15.
Nf6+ 1-0

[Event "19. Bosnjaci Open 2014"]
[Site "Bosnjaci CRO"]
[Date "2014.01.04"]
[Round "3.1"]
[White "Kuljasevic, Davorin"]
[Black "Leskur, Dejan"]
[Result "1/2-1/2"]
[WhiteElo "2580"]
[BlackElo "2395"]
[PlyCount "39"]
[EventDate "2014.01.03"]
[EventType "swiss"]
[EventRounds "9"]
[EventCountry "CRO"]
[Source "lmi"]
[SourceDate "2014.01.03"]

1. d4 Nf6 2. c4 c5 3. d5 e6 4. Nc3 exd5 5. cxd5 d6 6. e4 g6 7. Nge2 Bg7 8. Ng3
O-O 9. Be2 h5 10. Bg5 Qb6 11. Rb1 Nh7 12. Be3 h4 13. Nf1 f5 14. g3 g5 15. exf5
Bxf5 16. Bd3 Bxd3 17. Qxd3 Nd7 18. Nd2 Ne5 19. Qe2 Rae8 20. O-O 1/2-1/2

[Event "19. Bosnjaci Open 2014"]
[Site "Bosnjaci CRO"]
[Date "2014.01.04"]
[Round "3.3"]
[White "Blagojevic, Dragisa"]
[Black "Burovic, Ismet"]
[Result "1-0"]
[WhiteElo "2516"]
[BlackElo "2372"]
[PlyCount "127"]
[EventDate "2014.01.03"]
[EventType "swiss"]
[EventRounds "9"]
[EventCountry "CRO"]
[Source "lmi"]
[SourceDate "2014.01.03"]

1. d4 d6 2. Nf3 Nd7 3. c4 e5 4. Nc3 Ngf6 5. g3 c6 6. Bg2 e4 7. Nh4 d5 8. cxd5
cxd5 9. Qa4 Be7 10. Nf5 O-O 11. Nxe7+ Qxe7 12. b3 Rd8 13. Ba3 Qe6 14. Nb5 Ne8
15. Rc1 h5 16. O-O Nb6 17. Qb4 Bd7 18. Rc2 Kh7 19. Nd6 Bc6 20. Nxe8 Rxe8 21.
Qd6 Qf5 22. Qf4 Qxf4 23. gxf4 a5 24. Bc5 Nd7 25. a4 Nxc5 26. Rxc5 Ra6 27. Rfc1
Kg6 28. e3 Kf6 29. Bf1 Rb6 30. R1c3 Ra8 31. Bb5 Rc8 32. Rxd5 Bxd5 33. Rxc8 Bxb3
34. Ra8 Bd1 35. Rxa5 Bf3 36. h3 h4 37. Ra8 Re6 38. Rd8 Re7 39. Rd6+ Re6 40.
Rxe6+ Kxe6 41. Bc4+ Kd6 42. Bxf7 b6 43. Bc4 Bd1 44. Bb5 Bf3 45. Kf1 Bd1 46. Ke1
Bh5 47. Kd2 Bg6 48. Kc3 Bf5 49. Bf1 Bd7 50. Kb4 Kc7 51. Bg2 Kd6 52. a5 bxa5+
53. Kxa5 Bf5 54. Kb4 Be6 55. Kc3 Bd5 56. Kd2 Kc6 57. Ke2 Bc4+ 58. Ke1 Bd5 59.
Bf1 Be6 60. f3 exf3 61. e4 Bb3 62. Kf2 Bd1 63. Bc4 Kb6 64. Bf7 1-0

[Event "19. Bosnjaci Open 2014"]
[Site "Bosnjaci CRO"]
[Date "2014.01.04"]
[Round "3.4"]
[White "Zivkovic, Vjekoslav"]
[Black "Dizdarevic, Emir"]
[Result "1/2-1/2"]
[WhiteElo "2365"]
[BlackElo "2502"]
[PlyCount "36"]
[EventDate "2014.01.03"]
[EventType "swiss"]
[EventRounds "9"]
[EventCountry "CRO"]
[Source "lmi"]
[SourceDate "2014.01.03"]

1. e4 e6 2. d4 d5 3. Nc3 Bb4 4. e5 Ne7 5. a3 Bxc3+ 6. bxc3 b6 7. a4 Ba6 8. Bxa6
Nxa6 9. Qd3 Nb8 10. Ne2 Nbc6 11. O-O Na5 12. Ng3 h5 13. Bg5 h4 14. Ne2 Qd7 15.
g4 O-O-O 16. f4 Rdf8 17. Bxe7 Qxe7 18. h3 f5 1/2-1/2

[Event "19. Bosnjaci Open 2014"]
[Site "Bosnjaci CRO"]
[Date "2014.01.04"]
[Round "3.5"]
[White "Fercec, Nenad"]
[Black "Petrusic, Toni"]
[Result "1-0"]
[WhiteElo "2473"]
[BlackElo "2302"]
[PlyCount "93"]
[EventDate "2014.01.03"]
[EventType "swiss"]
[EventRounds "9"]
[EventCountry "CRO"]
[Source "lmi"]
[SourceDate "2014.01.03"]

1. e4 e6 2. d4 d5 3. Nd2 Nf6 4. e5 Nfd7 5. Bd3 c5 6. c3 Nc6 7. Ne2 cxd4 8. cxd4
f6 9. exf6 Nxf6 10. O-O Bd6 11. Nf3 O-O 12. Bf4 Bxf4 13. Nxf4 Ng4 14. Qd2 Qf6
15. Ne2 Qh6 16. Qxh6 Nxh6 17. Bb5 Bd7 18. Rfe1 Nf5 19. Nc1 Rae8 20. Nd3 a6 21.
Bxc6 Bxc6 22. Nc5 Rf6 23. b4 Re7 24. Rac1 Bb5 25. a4 Bc4 26. a5 g5 27. Rcd1 h6
28. Ne5 Bb5 29. Ng4 Rg6 30. g3 h5 31. Ne3 Nxe3 32. Rxe3 Kf7 33. Re5 h4 34. Rde1
Bc4 35. Kg2 Bb5 36. f3 Bc4 37. Kh3 Bb5 38. Kg4 Rf6 39. Rxg5 hxg3 40. hxg3 Rh6
41. f4 Rh2 42. Rge5 Rd2 43. Kg5 Rxd4 44. Nxe6 Re4 45. R1xe4 dxe4 46. f5 Bd3 47.
Kf4 1-0

[Event "19. Bosnjaci Open 2014"]
[Site "Bosnjaci CRO"]
[Date "2014.01.04"]
[Round "3.8"]
[White "Kovacevic, Blazimir"]
[Black "Sribar, Peter"]
[Result "1-0"]
[WhiteElo "2449"]
[BlackElo "2047"]
[PlyCount "51"]
[EventDate "2014.01.03"]
[EventType "swiss"]
[EventRounds "9"]
[EventCountry "CRO"]
[Source "lmi"]
[SourceDate "2014.01.03"]

1. c4 Nf6 2. Nf3 e6 3. g3 d5 4. Bg2 Be7 5. O-O O-O 6. d4 c6 7. Qc2 Nbd7 8. Nbd2
h6 9. Rd1 b6 10. e4 dxe4 11. Nxe4 Nxe4 12. Qxe4 Bb7 13. Bf4 Nf6 14. Qe2 Re8 15.
Ne5 Qc8 16. c5 bxc5 17. dxc5 Nd5 18. Bxh6 gxh6 19. Qh5 Rf8 20. Qxh6 f5 21. Qg6+
Kh8 22. Bxd5 exd5 23. Re1 Bf6 24. Nf7+ Rxf7 25. Qxf7 Qf8 26. Qxb7 1-0

[Event "19. Bosnjaci Open 2014"]
[Site "Bosnjaci CRO"]
[Date "2014.01.04"]
[Round "3.9"]
[White "Bobanac, Miro"]
[Black "Rogulj, Branko"]
[Result "0-1"]
[WhiteElo "2285"]
[BlackElo "2429"]
[PlyCount "76"]
[EventDate "2014.01.03"]
[EventType "swiss"]
[EventRounds "9"]
[EventCountry "CRO"]
[Source "lmi"]
[SourceDate "2014.01.03"]

1. b3 e5 2. Bb2 Nc6 3. e3 Nf6 4. Bb5 Bd6 5. Ne2 O-O 6. h3 Ne7 7. d4 e4 8. Nec3
a6 9. Be2 b5 10. Nd2 Bb7 11. g4 Bb4 12. a3 Bxc3 13. Bxc3 Nfd5 14. Bb2 f5 15. c4
f4 16. Nf1 f3 17. cxd5 fxe2 18. Qxe2 Bxd5 19. Nd2 Ng6 20. O-O-O Nh4 21. g5 Nf3
22. Nxf3 Rxf3 23. Qc2 c6 24. Rdg1 Qf8 25. Rg2 a5 26. h4 Qf5 27. Rhh2 d6 28. Bc3
Qe6 29. b4 Bb3 30. Qe2 axb4 31. Bxb4 Rf5 32. h5 c5 33. dxc5 dxc5 34. Bc3 b4 35.
Bxg7 Kxg7 36. Qb2+ Kg8 37. h6 Qc4+ 38. Kb1 Qd3+ 0-1

[Event "19. Bosnjaci Open 2014"]
[Site "Bosnjaci CRO"]
[Date "2014.01.04"]
[Round "3.10"]
[White "Saric, Sinisa"]
[Black "Matanovic, Zlatko"]
[Result "1-0"]
[WhiteElo "2406"]
[BlackElo "2009"]
[PlyCount "47"]
[EventDate "2014.01.03"]
[EventType "swiss"]
[EventRounds "9"]
[EventCountry "CRO"]
[Source "lmi"]
[SourceDate "2014.01.03"]

1. d4 Nf6 2. c4 e6 3. Nc3 d5 4. cxd5 Nxd5 5. e4 Nxc3 6. bxc3 c5 7. Nf3 Be7 8.
Bd3 O-O 9. O-O b6 10. Qe2 Bb7 11. Rd1 cxd4 12. cxd4 Nc6 13. Bb2 Rc8 14. d5 exd5
15. exd5 Nb4 16. Bf5 Rc5 17. Qe4 Rxd5 18. Rxd5 Bxd5 19. Bxh7+ Kh8 20. Qg4 Bf6
21. Qh5 Bxf3 22. gxf3 Bg5 23. Bf5+ Bh6 24. Bg6 1-0

[Event "19. Bosnjaci Open 2014"]
[Site "Bosnjaci CRO"]
[Date "2014.01.04"]
[Round "3.11"]
[White "Blagojevic, Tijana"]
[Black "Jakic, Ivan"]
[Result "0-1"]
[WhiteElo "2006"]
[BlackElo "2404"]
[PlyCount "114"]
[EventDate "2014.01.03"]
[EventType "swiss"]
[EventRounds "9"]
[EventCountry "CRO"]
[Source "lmi"]
[SourceDate "2014.01.03"]

1. e4 c5 2. Nf3 e6 3. d4 cxd4 4. Nxd4 Bc5 5. Nb3 Bb6 6. Bd3 Ne7 7. O-O O-O 8.
Nc3 Nbc6 9. Bf4 d6 10. Nd2 e5 11. Bg3 f5 12. exf5 Bxf5 13. Bxf5 Nxf5 14. Nd5
Nce7 15. Ne4 Bd4 16. c3 Bb6 17. Ng5 Qd7 18. Nxb6 axb6 19. Qb3+ d5 20. Bxe5 Ng6
21. Rad1 Nfe7 22. Bg3 Rf5 23. Nf3 h5 24. Nd4 Rg5 25. Qxb6 h4 26. Qe6+ Qxe6 27.
Nxe6 Rf5 28. Bd6 Ra6 29. Bxe7 Rxe6 30. Bc5 Re2 31. Rb1 h3 32. Rfe1 Rc2 33. g3
Ne5 34. Rec1 Rxc1+ 35. Rxc1 Nd3 36. Be3 Nxc1 37. Bxc1 g5 38. Kf1 g4 39. Bf4 Rf6
40. f3 Rg6 41. a3 Rb6 42. Bc1 d4 43. cxd4 Rc6 44. Bf4 Rc2 45. fxg4 Rxh2 46. Kg1
Rg2+ 47. Kh1 Rxb2 48. d5 Ra2 49. d6 Rxa3 50. Kh2 Rd3 51. Kxh3 b5 52. g5 b4 53.
Kg4 b3 54. Be5 Rxd6 55. Bxd6 b2 56. Kf5 b1=Q+ 57. Kf6 Qb6 0-1

[Event "19. Bosnjaci Open 2014"]
[Site "Bosnjaci CRO"]
[Date "2014.01.04"]
[Round "3.13"]
[White "Josic, Stevan"]
[Black "Stocko, Josip"]
[Result "0-1"]
[WhiteElo "2045"]
[BlackElo "2241"]
[PlyCount "78"]
[EventDate "2014.01.03"]
[EventType "swiss"]
[EventRounds "9"]
[EventCountry "CRO"]
[Source "lmi"]
[SourceDate "2014.01.03"]

1. e4 c5 2. Nf3 d6 3. d4 cxd4 4. Nxd4 Nf6 5. Nc3 a6 6. Bc4 e6 7. Bb3 Nbd7 8.
Be3 Nc5 9. f3 Be7 10. O-O O-O 11. Na4 Qc7 12. Nc3 b5 13. a3 Bb7 14. Nde2 Rfd8
15. Ng3 d5 16. exd5 Nxb3 17. cxb3 Bxd5 18. Qc2 Bd6 19. Bf2 Rac8 20. b4 h5 21.
Rfe1 h4 22. Nf1 h3 23. Bh4 Be7 24. Bg3 Qb7 25. Ne3 hxg2 26. Nexd5 Nxd5 27. Kxg2
Bf6 28. Be5 Bxe5 29. Rxe5 Nf4+ 30. Kg3 Qb8 31. Re4 f5 32. Rxf4 g5 33. Qc1 Rc4
34. h4 Rxf4 35. Kg2 g4 36. Qe3 gxf3+ 37. Kh3 Kf7 38. Re1 Rxh4+ 39. Kxh4 Qh2+
0-1

[Event "19. Bosnjaci Open 2014"]
[Site "Bosnjaci CRO"]
[Date "2014.01.04"]
[Round "3.14"]
[White "Lazor, Vladimir"]
[Black "Matanovic, Luka"]
[Result "1-0"]
[WhiteElo "2194"]
[BlackElo "2055"]
[PlyCount "65"]
[EventDate "2014.01.03"]
[EventType "swiss"]
[EventRounds "9"]
[EventCountry "CRO"]
[Source "lmi"]
[SourceDate "2014.01.03"]

1. e4 e5 2. Nf3 Nc6 3. Bb5 a6 4. Ba4 Nf6 5. O-O Be7 6. Re1 b5 7. Bb3 d6 8. c3
O-O 9. h3 Na5 10. Bc2 c5 11. d3 Nc6 12. Nbd2 h6 13. Nf1 Nh7 14. d4 Bf6 15. Be3
cxd4 16. cxd4 Ng5 17. N1h2 Bd7 18. Rc1 Rc8 19. Qd2 Na5 20. b3 Nc6 21. Red1 exd4
22. Nxd4 Re8 23. Nxc6 Rxc6 24. f3 Qc7 25. Bd3 Bc3 26. Qf2 Rc8 27. f4 Ne6 28.
Nf3 Qd8 29. Qg3 Nc5 30. Rxc3 b4 31. Bd4 f6 32. Bc4+ Kh8 33. Re3 1-0

[Event "19. Bosnjaci Open 2014"]
[Site "Bosnjaci CRO"]
[Date "2014.01.04"]
[Round "3.16"]
[White "Armanda, Ivica"]
[Black "Tucakovic, Zdravko"]
[Result "1-0"]
[WhiteElo "2368"]
[BlackElo "1993"]
[PlyCount "69"]
[EventDate "2014.01.03"]
[EventType "swiss"]
[EventRounds "9"]
[EventCountry "CRO"]
[Source "lmi"]
[SourceDate "2014.01.03"]

1. e4 c5 2. Nf3 Nc6 3. d4 cxd4 4. Nxd4 a6 5. Nc3 e6 6. Be2 Bb4 7. O-O Nf6 8.
Nxc6 bxc6 9. e5 Bxc3 10. bxc3 Nd5 11. Bd3 f5 12. c4 Ne7 13. Ba3 a5 14. Qh5+ Ng6
15. g3 Qb6 16. Bd6 Qd4 17. Rfd1 Qg4 18. Qxg4 fxg4 19. Bxg6+ hxg6 20. Rd4 g5 21.
Rxg4 Rh5 22. f4 Ba6 23. fxg5 Kf7 24. g6+ Kg8 25. Rf1 Rf5 26. Rgf4 Rc8 27. g4
Rxf4 28. Rxf4 c5 29. h4 Bb7 30. h5 Bc6 31. g5 Ba4 32. Rf2 Bc6 33. Rf7 Kh8 34.
h6 gxh6 35. gxh6 1-0

[Event "19. Bosnjaci Open 2014"]
[Site "Bosnjaci CRO"]
[Date "2014.01.04"]
[Round "3.17"]
[White "Abdil, Halil"]
[Black "Ikica, Ante"]
[Result "1-0"]
[WhiteElo "2263"]
[BlackElo "1972"]
[PlyCount "95"]
[EventDate "2014.01.03"]
[EventType "swiss"]
[EventRounds "9"]
[EventCountry "CRO"]
[Source "lmi"]
[SourceDate "2014.01.03"]

1. e4 e5 2. Nf3 Nf6 3. Nxe5 d6 4. Nf3 Nxe4 5. d4 d5 6. Bd3 Be7 7. O-O Bf5 8. c4
c6 9. Nc3 Nxc3 10. bxc3 Bxd3 11. Qxd3 O-O 12. Ne5 Nd7 13. Rb1 Nxe5 14. dxe5 b6
15. f4 Bc5+ 16. Kh1 dxc4 17. Qxc4 Qd5 18. Qxd5 cxd5 19. Bb2 Rfd8 20. Rbd1 Rd7
21. Rd3 Rad8 22. Rfd1 Kf8 23. c4 d4 24. g4 Ke7 25. Kg2 f6 26. Re1 fxe5 27.
Rxe5+ Kf7 28. Kf3 Re8 29. Re4 Rxe4 30. Kxe4 Re7+ 31. Kf3 Rd7 32. h4 a5 33. h5
Rd8 34. a4 Rd7 35. g5 g6 36. h6 Rd8 37. Rd1 d3 38. Bc3 Bb4 39. Bxb4 axb4 40.
Ke3 Ra8 41. Rxd3 Rxa4 42. Rd7+ Ke6 43. Rxh7 b3 44. Rb7 b2 45. Rxb6+ Kf5 46. h7
Ra3+ 47. Ke2 Kxf4 48. Rxg6 1-0

[Event "19. Bosnjaci Open 2014"]
[Site "Bosnjaci CRO"]
[Date "2014.01.04"]
[Round "3.18"]
[White "Bosnjak, Nino"]
[Black "Pejic, Ivo"]
[Result "1-0"]
[WhiteElo "2212"]
[BlackElo "1915"]
[PlyCount "84"]
[EventDate "2014.01.03"]
[EventType "swiss"]
[EventRounds "9"]
[EventCountry "CRO"]
[Source "lmi"]
[SourceDate "2014.01.03"]

1. d4 Nf6 2. c4 d6 3. Nc3 g6 4. e4 Bg7 5. Nf3 O-O 6. h3 a6 7. Be2 Nbd7 8. e5
Ne8 9. Bf4 c5 10. dxc5 Nxc5 11. O-O Be6 12. exd6 Nxd6 13. Bxd6 exd6 14. Rc1 Qb6
15. b3 Rad8 16. Nd4 Ne4 17. Nxe6 Nxc3 18. Rxc3 fxe6 19. Rd3 Qc5 20. Bg4 Rf6 21.
Qe2 Re8 22. Rfd1 Bf8 23. Re3 e5 24. Bf3 Bh6 25. Bd5+ Kg7 26. Rf3 Ref8 27. Bxb7
a5 28. Rxf6 Rxf6 29. Bf3 Bf4 30. Rd5 Qb6 31. c5 Qc7 32. g3 Bg5 33. cxd6 Qc8 34.
Kg2 Qc3 35. d7 Rf8 36. Qxe5+ Qxe5 37. Rxe5 Bd8 38. Re8 Kf7 39. Bd5+ Kg7 40. f4
Bf6 41. h4 Rh8 42. Kf3 Rf8 1-0

[Event "19. Bosnjaci Open 2014"]
[Site "Bosnjaci CRO"]
[Date "2014.01.04"]
[Round "3.19"]
[White "Radmanovic, Danijel"]
[Black "Zivkovic, Nikola"]
[Result "0-1"]
[WhiteElo "2006"]
[BlackElo "2204"]
[PlyCount "61"]
[EventDate "2014.01.03"]
[EventType "swiss"]
[EventRounds "9"]
[EventCountry "CRO"]
[Source "lmi"]
[SourceDate "2014.01.03"]

1. e4 c5 2. d4 cxd4 3. c3 dxc3 4. Nxc3 Nc6 5. Nf3 d6 6. Bc4 e6 7. O-O Nf6 8.
Qe2 Be7 9. Rd1 e5 10. Be3 O-O 11. b4 a6 12. h3 Be6 13. Bxe6 fxe6 14. Qc4 Qd7
15. Rd2 Rac8 16. Qb3 h6 17. Rad1 Kh7 18. Bc5 Qc7 19. Rxd6 Nd4 20. Nxd4 exd4 21.
R1xd4 Rfe8 22. Rb6 Nd7 23. Rxd7 Qxd7 24. Rxe6 Bxc5 25. Rxe8 Bxf2+ 26. Kxf2 Rxe8
27. Ke3 Qe7 28. Qd5 Qxb4 29. Qf5+ Kh8 30. Nd5 Qc5+ 31. Kf4 0-1

[Event "19. Bosnjaci Open 2014"]
[Site "Bosnjaci CRO"]
[Date "2014.01.04"]
[Round "3.20"]
[White "Solic, Miroslav"]
[Black "Ljikar, Zoran"]
[Result "0-1"]
[WhiteElo "1957"]
[BlackElo "2180"]
[PlyCount "66"]
[EventDate "2014.01.03"]
[EventType "swiss"]
[EventRounds "9"]
[EventCountry "CRO"]
[Source "lmi"]
[SourceDate "2014.01.03"]

1. e4 c5 2. Nc3 e6 3. f4 a6 4. Nf3 b5 5. g3 Bb7 6. d3 d5 7. exd5 exd5 8. Qe2+
Be7 9. Bg2 Nf6 10. O-O O-O 11. Ne5 Re8 12. Bd2 Bd6 13. Rae1 Nbd7 14. Nxd7 Rxe2
15. Nxf6+ Qxf6 16. Rxe2 b4 17. Nd1 Rd8 18. Rfe1 Bc6 19. Kh1 h5 20. c3 a5 21. c4
Bf8 22. Be3 dxc4 23. dxc4 Bxg2+ 24. Kxg2 a4 25. Bc1 Qc6+ 26. Kf2 Rd3 27. Ne3
Qe4 28. Rd2 Rxd2+ 29. Bxd2 Qd3 30. Rd1 Qe4 31. Re1 Kh7 32. Rc1 g6 33. Nd5 Qd4+
0-1